[Event "Challenge"]
[Site "http://www.queenalice.com/game.php?id=1857282"]
[Date "2025.5.14"]
[Round "-"]
[White "bonow"]
[Black "giobonatto"]
[Result "0-1"]
[WhiteElo "2204"]
[BlackElo "2286"]

1. e4 f5 2. e5 a6 3. Nf3 e6 4. Bc4 c5 5. O-O g5 6. Nc3 g4 7. Ne1 b5 8. Be2 h5 9.
d4 cxd4 10. Qxd4 Bb7 11. f3 Nc6 12. Qe3 Nh6 13. Nd3 Nb4 14. Nxb4 Bxb4 15. Qd4
Be7 16. Be3 Qc7 17. Qb6 Qc8 18. f4 h4 19. a3 h3 20. g3 Kf7 21. Kf2 Bf3 22. Rad1
Rb8 23. Qd4 Rb7 24. Qd3 Bg2 25. Rg1 Kg6 26. Bf1 Bc6 27. Bd4 a5 28. Qe3 b4 29.
axb4 Rxb4 30. Ne2 Bf3 31. Rc1 Qc6 32. Qc3 Rc4 33. Qxa5 Ra8 34. Qb6 Qe4 35. c3
Qd3 36. Qb3 Rca4 37. Rd1 Qa6 38. Be3 Qc6 39. Nd4 Bxd1 40. Qxd1 Qb6 41. Bb5 Ra1
42. Qd3 Bc5 43. Rxa1 Rxa1 44. Bxd7 Bxd4 45. Bxd4 Qxb2+ 46. Qe2 Qc1 0-1

[Event "Challenge"]
[Site "http://www.queenalice.com/game.php?id=1857283"]
[Date "2025.5.14"]
[Round "-"]
[White "giobonatto"]
[Black "bonow"]
[Result "1-0"]
[WhiteElo "2276"]
[BlackElo "2214"]

1. e4 e5 2. Qh5 Nf6 3. Qxe5+ Be7 4. d3 O-O 5. Qf4 Nc6 6. c4 Bd6 7. Qd2 Bb4 8.
Nc3 Re8 9. a3 Be7 10. Rb1 d6 11. g3 Bg4 12. b4 Bf8 13. f3 Bd7 14. Kf2 b6 15. h4
a5 16. b5 Nd4 17. Bh3 Bxh3 18. Nxh3 Qd7 19. Qb2 c5 20. bxc6 Nxc6 21. Nf4 Rab8
22. Qb5 Nd4 23. Qxd7 Nxd7 24. Be3 Nc2 25. Ke2 Be7 26. a4 Nxe3 27. Kxe3 Bf6 28.
Ncd5 Be5 29. d4 Bf6 30. g4 h6 31. Nxf6+ Nxf6 32. g5 hxg5 33. hxg5 Nh7 34. g6
fxg6 35. Nxg6 Re6 36. Rbg1 Nf8 37. Rh8+ Kf7 38. Nxf8 Rxf8 39. Rxf8+ Kxf8 40. Rb1
1-0

[Event "Challenge"]
[Site "http://www.queenalice.com/game.php?id=1861812"]
[Date "2025.8.19"]
[Round "-"]
[White "bonow"]
[Black "giobonatto"]
[Result "0-1"]
[WhiteElo "2176"]
[BlackElo "2296"]

1. d4 c5 2. d5 Qa5+ 3. Qd2 Qd8 4. Nc3 g6 5. Nf3 Bh6 6. Qd1 Bxc1 7. Qxc1 d6 8. e4
a6 9. Be2 b5 10. a4 b4 11. Nd1 b3 12. cxb3 Qa5+ 13. Qc3 Qb4 14. O-O Qxc3 15.
bxc3 Nf6 16. e5 Nxd5 17. c4 Nb4 18. exd6 Ra7 19. dxe7 Rxe7 20. Re1 Nc2 21. Rc1
Nxe1 22. Nxe1 Bg4 23. f3 Rxe2 24. Kf1 Bxf3 25. gxf3 Rxh2 26. Ng2 O-O 27. Nde3
Rd8 28. Rc2 Kg7 29. Ng4 Rd1+ 30. Kf2 Rhh1 31. N4e3 Rd4 32. Nf1 Nc6 33. Rd2 Rxf1+
0-1

[Event "Challenge"]
[Site "http://www.queenalice.com/game.php?id=1861813"]
[Date "2025.8.19"]
[Round "-"]
[White "giobonatto"]
[Black "bonow"]
[Result "1-0"]
[WhiteElo "2304"]
[BlackElo "2168"]

1. g4 d5 2. Bg2 e6 3. c3 Nf6 4. g5 Nfd7 5. d4 Bd6 6. h4 Nc6 7. Nd2 Ne7 8. h5 c5
9. h6 gxh6 10. Rxh6 Ng6 11. Ngf3 e5 12. Qb3 Bf8 13. dxe5 Ndxe5 14. Nxe5 Bxh6 15.
Nxg6 hxg6 16. gxh6 Rxh6 17. Nf1 Rh5 18. Qb5+ Qd7 19. Qxc5 d4 20. Qxd4 Qxd4 21.
cxd4 Be6 22. Bxb7 Rb8 23. Bc6+ Bd7 24. Bf3 Rh8 25. Rb1 Ke7 26. Bf4 Rbc8 27. d5
Kd8 28. Bg5+ Kc7 29. Bf6 Rhe8 30. Rc1+ Kb7 31. d6+ Kb8 32. Rxc8+ Bxc8 33. Nh2
Re6 34. Ng4 Rxd6 35. Be5 1-0

[Event "Challenge"]
[Site "http://www.queenalice.com/game.php?id=1864103"]
[Date "2025.10.11"]
[Round "-"]
[White "jogo"]
[Black "bonow"]
[Result "0-1"]
[WhiteElo "1892"]
[BlackElo "2160"]

1. e4 c5 2. Nf3 Nc6 3. c3 d6 4. d4 b6 5. d5 Nb8 6. Qa4+ Bd7 7. Qc2 Nf6 8. h3 e6
9. dxe6 Bxe6 10. g4 h5 11. g5 Nfd7 12. Bf4 Ne5 13. Nxe5 dxe5 14. Bxe5 f6 0-1

[Event "Challenge"]
[Site "http://www.queenalice.com/game.php?id=1864104"]
[Date "2025.10.11"]
[Round "-"]
[White "bonow"]
[Black "jogo"]
[Result "1-0"]
[WhiteElo "2164"]
[BlackElo "1738"]

1. e4 c5 2. Nf3 d6 3. d4 cxd4 4. Nxd4 Nf6 5. Nc3 a6 6. Be3 Bg4 7. f3 Bc8 8. Bc4
b5 9. Bb3 b4 10. Nd5 Nxd5 11. Bxd5 Ra7 12. Nc6 Nxc6 13. Bxc6+ Bd7 14. Bxd7+ Rxd7
15. Qd3 a5 16. O-O g6 17. Rab1 Bg7 18. Bd4 O-O 19. Bxg7 Kxg7 20. c4 Qb6+ 21. Kh1
Qc5 22. b3 e6 23. Rfd1 f6 24. Rb2 Qe5 25. Qe2 f5 26. exf5 Qxe2 27. Rxe2 exf5 28.
Red2 Rfd8 29. h3 Kf7 30. c5 Ke7 31. c6 Rc7 32. Rc1 Rdc8 33. Rdc2 Kf7 34. Kh2 Ke7
35. Kg3 Kf6 36. f4 h6 37. Kf3 g5 38. fxg5+ hxg5 39. g4 fxg4+ 40. Kxg4 Rh7 41.
Rd2 Rh4+ 42. Kg3 1-0

[Event "Challenge"]
[Site "http://www.queenalice.com/game.php?id=1864420"]
[Date "2025.10.17"]
[Round "-"]
[White "giobonatto"]
[Black "bonow"]
[Result "1-0"]
[WhiteElo "2320"]
[BlackElo "2158"]

1. b4 e5 2. Bb2 d6 3. c4 Nf6 4. Qa4+ Bd7 5. b5 a6 6. Nc3 Be7 7. e4 c6 8. Be2 Qb6
9. bxc6 Nxc6 10. Rb1 Qc7 11. Nf3 Nd4 12. Qd1 Nxe2 13. Qxe2 O-O 14. d3 b5 15. Nd2
Rac8 16. Ba3 Rfe8 17. Rb3 Bg4 18. f3 Be6 19. O-O Nh5 20. Nd5 Bxd5 21. exd5 Nf4
22. Qd1 Qb6+ 23. Kh1 Qd4 24. Bb2 Qb6 25. Qb1 Qa5 26. Bc3 Qb6 27. g3 Ne2 28. Bb2
Qa5 29. Qc2 Nd4 30. Bxd4 exd4 31. Qb2 Bf8 32. Kg2 h6 33. Ra3 Qb6 34. Ne4 f5 35.
Nf2 Rb8 36. Rb3 g6 37. Rb1 Qc7 38. cxb5 axb5 39. Rxb5 Rxb5 40. Qxb5 Qd8 41. h4
Kf7 42. a4 Qa8 43. h5 gxh5 44. a5 Rb8 45. Qd7+ Kg8 46. Rxb8 Qxb8 47. a6 Qa8 48.
Qe6+ Kg7 49. Qd7+ Kg6 50. Qc6 Qb8 51. f4 Kg7 52. Qb7+ 1-0

[Event "Challenge"]
[Site "http://www.queenalice.com/game.php?id=1864421"]
[Date "2025.10.17"]
[Round "-"]
[White "bonow"]
[Black "giobonatto"]
[Result "0-1"]
[WhiteElo "2165"]
[BlackElo "2312"]

1. e4 c5 2. Nf3 Nf6 3. Nc3 e6 4. d4 cxd4 5. Nxd4 e5 6. Nf3 Bb4 7. Bd2 d6 8. Bc4
Qc7 9. Bb3 Bxc3 10. Bxc3 Nxe4 11. Qd3 Nxc3 12. Qxc3 Qxc3+ 13. bxc3 f6 14. O-O
Na6 15. Rab1 Nc5 16. Rfe1 b6 17. Rbd1 Kd7 18. Bd5 Rb8 19. h3 g5 20. Nd2 h5 21.
Ne4 Ke7 22. Nxc5 bxc5 23. Bb3 Be6 24. Bxe6 Kxe6 25. Rb1 g4 26. hxg4 Rxb1 27.
Rxb1 Kd5 28. Rd1+ Ke6 29. f3 hxg4 30. fxg4 Rg8 31. Rb1 a5 32. Rb5 a4 33. Kf2 Kd5
34. Kf3 Kc4 35. Rb6 Kxc3 36. Rxd6 c4 37. Rxf6 Kd2 38. Rc6 e4+ 39. Kf4 Re8 40.
Rxc4 e3 41. g5 a3 0-1

[Event "Challenge"]
[Site "http://www.queenalice.com/game.php?id=1868375"]
[Date "2026.1.23"]
[Round "-"]
[White "jogo"]
[Black "bonow"]
[Result "0-1"]
[WhiteElo "1798"]
[BlackElo "2157"]

1. e4 e5 2. Nf3 Nc6 3. c3 Nf6 4. Qa4 d6 5. Qc2 Be7 6. d4 exd4 7. cxd4 O-O 8. Nc3
Bg4 9. Be3 Bxf3 10. gxf3 Re8 11. O-O-O Nb4 12. Qb3 a5 13. a3 d5 14. axb4 axb4
15. Nxd5 Nxd5 16. Qxd5 Qxd5 17. exd5 Ra1+ 18. Kd2 Rxd1+ 19. Kxd1 Bd6 20. h4 h6
21. Rg1 h5 22. Bd3 Rf8 23. Bh6 g6 24. Bxf8 Kxf8 25. Ke2 Kg7 26. b3 c6 27. dxc6
bxc6 28. Be4 c5 29. dxc5 Bxc5 30. f4 f6 31. Bxg6 Kh6 32. Be8 Be7 33. Rg8 Bd6 0-1

[Event "Challenge"]
[Site "http://www.queenalice.com/game.php?id=1868376"]
[Date "2026.1.23"]
[Round "-"]
[White "bonow"]
[Black "jogo"]
[Result "0-1"]
[WhiteElo "2128"]
[BlackElo "1490"]

1. e4 c5 2. Nf3 d6 3. d4 cxd4 4. Nxd4 Nf6 5. Nc3 a6 6. Be2 h6 7. Be3 Qc7 8. O-O
Nc6 9. Nf3 b5 10. a4 b4 11. Nd5 Nxd5 12. exd5 Ne5 13. Nxe5 dxe5 14. Bd2 a5 15.
Bb5+ Bd7 16. Bxd7+ Qxd7 17. Be3 g6 18. Qd2 f5 19. Rad1 Qxa4 20. b3 Qb5 21. Qd3
Qxd3 22. Rxd3 f4 23. Bb6 Ra6 24. Bc7 Bg7 25. Rfd1 e4 26. R3d2 O-O 27. Re2 g5 28.
Rxe4 Bf6 29. d6 exd6 30. Rxd6 Rxd6 31. Bxd6 Rd8 32. Re6 Kf7 33. Re1 Rxd6 34. f3
Rd2 35. Rc1 Bd4+ 36. Kf1 Rf2+ 37. Ke1 Rxg2 38. Rd1 Rg1+ 39. Ke2 Rxd1 40. Kxd1
Ke6 41. Kd2 Bg1 42. h3 Kd5 43. Kd3 Bd4 44. Ke2 Bc3 45. Kd3 Kc5 46. Ke2 Kd4 47.
Kf2 Bd2 48. Kg2 Kc3 49. h4 Kxc2 50. hxg5 hxg5 51. Kh3 Bc3 52. Kg4 Kxb3 53. Kxg5
Bd2 54. Kf5 a4 0-1

[Event "Challenge"]
[Site "http://www.queenalice.com/game.php?id=1870586"]
[Date "2026.3.14"]
[Round "-"]
[White "jogo"]
[Black "bonow"]
[Result "1-0"]
[WhiteElo "1641"]
[BlackElo "2151"]

1. e4 e5 2. Nf3 Nc6 3. Bb5 Nf6 4. Nc3 Bb4 5. Bxc6 bxc6 6. Nxe5 O-O 7. h3 Bxc3 8.
dxc3 Nxe4 9. Qd3 Nf6 10. O-O Re8 11. f4 a5 12. g4 Ba6 13. c4 c5 14. g5 Nh5 15.
b3 f6 16. Qd5+ Kh8 17. Nf7+ Kg8 18. Nh6+ Kf8 19. Qf7# 1-0

[Event "Challenge"]
[Site "http://www.queenalice.com/game.php?id=1870587"]
[Date "2026.3.14"]
[Round "-"]
[White "bonow"]
[Black "jogo"]
[Result "0-1"]
[WhiteElo "2105"]
[BlackElo "1491"]

1. e4 c5 2. Nf3 d6 3. d4 cxd4 4. Nxd4 Nf6 5. Nc3 Nc6 6. Be3 Nxd4 7. Bxd4 e5 8.
Be3 a6 9. Bc4 Ng4 10. Qd3 Nxe3 11. Qxe3 Qc7 12. Bb3 Be6 13. Bxe6 fxe6 14. O-O
Be7 15. h3 h6 16. a3 Bg5 17. Qd3 O-O 18. Rad1 Rad8 19. Qe2 Kh7 20. f3 Qb6+ 21.
Kh1 Qxb2 22. Nb1 Rc8 23. g4 Rxc2 24. Nd2 Bxd2 25. Rxd2 Rxd2 0-1

[Event "Challenge"]
[Site "http://www.queenalice.com/game.php?id=1871279"]
[Date "2026.3.31"]
[Round "-"]
[White "giobonatto"]
[Black "bonow"]
[Result "1-0"]
[WhiteElo "2332"]
[BlackElo "2080"]

1. d4 d5 2. Bg5 Nc6 3. c3 f6 4. Bc1 e5 5. Qb3 Be6 6. Qxb7 Na5 7. Qa6 c6 8. b4
Nc4 9. e4 Qb6 10. Bxc4 dxc4 11. Qa4 Bd7 12. Na3 c5 13. bxc5 Bxa4 14. cxb6 axb6
15. Nxc4 Rb8 16. dxe5 b5 17. Nd6+ Bxd6 18. exd6 Rd8 19. Ba3 Nh6 20. h4 Ng4 21.
Rh3 Ne5 22. Nf3 Nc4 23. Bc5 Kf7 24. Nd4 Rhe8 25. f3 Nxd6 26. Bxd6 Rxd6 27. a3
Rc8 28. Kd2 Rdd8 29. Rb1 Rb8 30. f4 h6 31. e5 fxe5 32. fxe5 Ke7 33. e6 Rb6 34.
Ke2 Rd5 35. Re3 h5 36. Rf1 Ke8 37. Rf4 Rbd6 38. Nf5 Rxf5 39. Rxf5 Ke7 40. Rf7+
Ke8 41. Rxg7 1-0

[Event "Challenge"]
[Site "http://www.queenalice.com/game.php?id=1871280"]
[Date "2026.3.31"]
[Round "-"]
[White "bonow"]
[Black "giobonatto"]
[Result "0-1"]
[WhiteElo "2080"]
[BlackElo "2327"]

1. d4 d5 2. Nf3 Bf5 3. c4 Qd7 4. Nc3 Nf6 5. e3 Nc6 6. cxd5 Nxd5 7. Nxd5 Qxd5 8.
Bd3 g5 9. O-O Bxd3 10. Qxd3 g4 11. e4 Qd7 12. Ng5 Nxd4 13. Be3 Nf3+ 14. gxf3
Qxd3 15. fxg4 f6 16. Rad1 Qe2 17. Ne6 Qxg4+ 18. Kh1 Qxe6 19. f3 Rg8 0-1

[Event "Challenge"]
[Site "http://www.queenalice.com/game.php?id=1871345"]
[Date "2026.4.3"]
[Round "-"]
[White "jogo"]
[Black "bonow"]
[Result "0-1"]
[WhiteElo "1419"]
[BlackElo "2078"]

1. e4 e5 2. Nf3 d6 3. d4 exd4 4. Nxd4 Nf6 5. Nc3 Be7 6. Bc4 O-O 7. O-O c5 8. Nf3
Bg4 9. Qe2 Nc6 10. h3 Bxf3 11. Qxf3 Nd4 12. Qd1 Re8 0-1